Parampara (Record no. 34800)

MARC details
000 -LEADER
fixed length control field 03019ngm a2200469 4500
003 - CONTROL NUMBER IDENTIFIER
control field dpl
005 - DATE AND TIME OF LATEST TRANSACTION
control field 20100319160310.0
007 - PHYSICAL DESCRIPTION FIXED FIELD--GENERAL INFORMATION
fixed length control field DVD
008 - FIXED-LENGTH DATA ELEMENTS--GENERAL INFORMATION
fixed length control field ||||||sp199 xxu|||||c ||| 00| 0 ng d
010 ## - LIBRARY OF CONGRESS CONTROL NUMBER
LC control number DVD-007080-7088
024 ## - OTHER STANDARD IDENTIFIER
Terms of availability 49.00
Standard number or code SHE 2084 F2
035 ## - SYSTEM CONTROL NUMBER
System control number DVD-007080-7088
040 ## - CATALOGING SOURCE
Original cataloging agency DPL
Transcribing agency DPL
082 ## - DEWEY DECIMAL CLASSIFICATION NUMBER
Classification number DVD PARA
245 ## - TITLE STATEMENT
Title Parampara
Statement of responsibility, etc A.G.Nadiadwala's Presents
Medium [videorecording] VCD/
260 ## - PUBLICATION, DISTRIBUTION, ETC. (IMPRINT)
Name of publisher, distributor, etc Shemaroo Home Entertainment
300 ## - PHYSICAL DESCRIPTION
Extent 2 videodisc VCD;
Other physical details sd., col. ;
Dimensions 4 3/4 in.
Type of unit VCD
440 ## - SERIES STATEMENT/ADDED ENTRY--TITLE
Title Shemaroo Home Entertainment
500 ## - GENERAL NOTE
General note Mastered From The Original Film
500 ## - GENERAL NOTE
General note This Title in Completed with 2 Disc. Not to be sold individually.
538 ## - SYSTEM DETAILS NOTE
System details note Dolby Digital 5.1 - Hindi Subtitles: English
538 ## - SYSTEM DETAILS NOTE
System details note NTSC Format-All Regions, 16x9 Anamorphic (2:23.1 Aspect Ratio), Dual Layer
650 ## - SUBJECT ADDED ENTRY--TOPICAL TERM
Topical term or geographic name as entry element Motion Picture
700 ## - ADDED ENTRY--PERSONAL NAME
Personal name Chopra, Yash
700 ## - ADDED ENTRY--PERSONAL NAME
Personal name Nadiadwala, Feroz A.
700 ## - ADDED ENTRY--PERSONAL NAME
Personal name Shiv Hari
700 ## - ADDED ENTRY--PERSONAL NAME
Personal name Dutt, Sunil
700 ## - ADDED ENTRY--PERSONAL NAME
Personal name Khanna, Vinod
700 ## - ADDED ENTRY--PERSONAL NAME
Personal name Aamir Khan
700 ## - ADDED ENTRY--PERSONAL NAME
Personal name Raveena Tandon
942 ## - ADDED ENTRY ELEMENTS (KOHA)
Koha item type CD-ROMs, DVDs, VHS
Source of classification or shelving scheme Dewey Decimal Classification
Classification part DVD
Call number suffix PARA
Holdings
Withdrawn status Lost status Source of classification or shelving scheme Damaged status Not for loan Home library Current library Date acquired Source of acquisition Cost, normal purchase price Total Checkouts Full call number Barcode Date last seen Date checked out Copy number Cost, replacement price Price effective from Koha item type
    Dewey Decimal Classification     Central Library Central Library 19/03/2010 Pioneers/1110/30-12-09/325/13-10-09 /30-12-09 49.00 6 DVD PARA DVD-007080 20/10/2012 13/10/2012 1 49.00 19/03/2010 CD-ROMs, DVDs, VHS
    Dewey Decimal Classification     Janak Puri Janak Puri 19/03/2010 Pioneers/1110/30-12-09/325/13-10-09 /30-12-09 49.00 5 DVD PARA DVD-007082 06/01/2012 31/12/2011 1 49.00 19/03/2010 CD-ROMs, DVDs, VHS
    Dewey Decimal Classification     Karol Bagh Karol Bagh 19/03/2010 Pioneers/1110/30-12-09/325/13-10-09 /30-12-09 49.00 2 DVD PARA DVD-007086 19/08/2013 07/08/2013 1 49.00 19/03/2010 CD-ROMs, DVDs, VHS
    Dewey Decimal Classification     Narela Narela 19/03/2010 Pioneers/1110/30-12-09/325/13-10-09 /30-12-09 49.00 1 DVD PARA DVD-007087 28/07/2012 27/07/2012 1 49.00 19/03/2010 CD-ROMs, DVDs, VHS
    Dewey Decimal Classification     Patel Nagar Patel Nagar 19/03/2010 Pioneers/1110/30-12-09/325/13-10-09 /30-12-09 49.00 5 DVD PARA DVD-007081 25/07/2011 24/07/2011 1 49.00 19/03/2010 CD-ROMs, DVDs, VHS
    Dewey Decimal Classification     R.K.Puram-8 R.K.Puram-8 19/03/2010 Pioneers/1110/30-12-09/325/13-10-09 /30-12-09 49.00 1 DVD PARA DVD-007084 02/05/2011 30/04/2011 1 49.00 19/03/2010 CD-ROMs, DVDs, VHS
    Dewey Decimal Classification     Sarojini Nagar Sarojini Nagar 19/03/2010 Pioneers/1110/30-12-09/325/13-10-09 /30-12-09 49.00 6 DVD PARA DVD-007083 17/07/2012 16/06/2012 1 49.00 19/03/2010 CD-ROMs, DVDs, VHS
    Dewey Decimal Classification     Shahdara Branch Shahdara Branch 19/03/2010 Pioneers/1110/30-12-09/325/13-10-09 /30-12-09 49.00   DVD PARA DVD-007088 19/03/2010   1 49.00 19/03/2010 CD-ROMs, DVDs, VHS
    Dewey Decimal Classification     Vinoba Puri Vinoba Puri 19/03/2010 Pioneers/1110/30-12-09/325/13-10-09 /30-12-09 49.00 1 DVD PARA DVD-007085 23/08/2010 20/08/2010 1 49.00 19/03/2010 CD-ROMs, DVDs, VHS

© Delhi Public Library
Hit Counter
free hit counter